| 000 | 00975nam a2200265 a 4500 | ||
|---|---|---|---|
| 001 | 72531 | ||
| 003 | BD-RjUL | ||
| 005 | 20211209082255.0 | ||
| 008 | 170520r19671951enka b 001 0 eng | ||
| 035 | _a(BD-RjUL)72749 | ||
| 040 |
_aDLC _cWa _dDLC _dBD-RjUL _beng |
||
| 041 | _aeng | ||
| 082 | 0 | 0 |
_223 _a301.028 _bRON 1967 |
| 110 | 2 |
_aRoyal Anthropological Institute of Great Britain and Ireland. _9215159 |
|
| 245 | 1 | 0 | _aNotes and queries on anthropology. |
| 250 | _a6th ed. | ||
| 260 |
_aLondon : _bRoutledge and K. Paul, _c1951 [reprinted 1967]. |
||
| 300 |
_axii, 403 p. : _bill. ; _c23 cm. |
||
| 500 | _a"Previous editions ... were edited for the British Association [for the Advancement of Science]" | ||
| 504 | _aBibliography: p. 369-385. | ||
| 650 | 0 |
_aAnthropology _xFieldwork. _9214523 |
|
| 650 | 0 |
_aEthnology _xMethodology. _9214524 |
|
| 710 | 2 |
_aBritish Association for the Advancement of Science. _tNotes and queries on anthropology. _9214525 |
|
| 942 |
_2ddc _cBK |
||
| 999 |
_c72531 _d72531 |
||